| 000 | 00526nam a2200145 4500 | ||
|---|---|---|---|
| 999 |
_c15318 _d15318 |
||
| 008 | 200520b ||||| |||| 00| 0 eng d | ||
| 022 | _a2094-8042 | ||
| 082 | _aDPer 370.105 M72 June 2010-Mar 2011 v. 59 n. 1-10 | ||
| 100 |
_aMutuc, Garrylen B. _942143 |
||
| 245 |
_aSome advice for the young scientist in school/ _cGarrylen B. Mutuc. |
||
| 260 |
_aPhilippines: _bIn the Grade School, Inc., _cc2010-2011. |
||
| 300 |
_av59 n2, pages 50-51: _billustrations; _c28 cm. |
||
| 650 |
_aScience _942142 _xTechnology |
||
| 942 |
_2ddc _cPER |
||